Language Quiz

Random Language or Letter Quiz

Word Hourglass II Quiz Stats

 Plays Quiz Updated Oct 13, 2014

Also try: Word Hourglass
Challenge
Share
Tweet
Embed
Score 0/13 Timer 02:00
5 Plays Today
Clue Word % Correct
The website you're currently onSPORCLE
99.2%
A Valentine flowerROSE
96.2%
A dead bodyCORPSE
91.7%
First person objective pronounME
89.5%
A rock to obtain metal fromORE
89.4%
2.718281828...E
88.6%
5280 feetMILE
88.5%
The second solf├Ęge noteRE
85.5%
Vehicle aboard Apollo 11LEM
61.2%
Goop from 'Double Dare'SLIME
58.1%
A group of 20 thingsSCORE
47.6%
A Swiss cereal of oat, nuts and fruitMUESLI
39.5%
'Santeria' band or word to describe the top word in the hourglassSUBLIME
29.8%

You're not logged in!

Compare scores with friends on all Sporcle quizzes.
OR
Log In

You Might Also Like...

Show Comments

Extras

Top Quizzes Today


Score Distribution

Your Account Isn't Verified!

In order to create a playlist on Sporcle, you need to verify the email address you used during registration. Go to your Sporcle Settings to finish the process.

Report this User

Report this user for behavior that violates our Community Guidelines.

Details: